000 00419nam a2200181Ia 4500
008 230524s9999 xx 000 0 und d
020 _a9780070600928
082 _a658
_bRIC
100 _aFrederick S.Hillier
245 0 _aOperations Research
250 _a1ST
260 _aNEW DELHI
_bCBS
_c2000
300 _aXI;800
500 _aQuantity Number: 24
650 _aMathematics
700 _a234
942 _cBK
999 _c18911
_d18911